| 000 -LEADER |
| fixed length control field |
00543nam a22001937a 4500 |
| 003 - CONTROL NUMBER IDENTIFIER |
| control field |
OSt |
| 005 - DATE AND TIME OF LATEST TRANSACTION |
| control field |
20191029062623.0 |
| 008 - FIXED-LENGTH DATA ELEMENTS--GENERAL INFORMATION |
| fixed length control field |
180307b xxu||||| |||| 00| 0 spa d |
| 020 ## - INTERNATIONAL STANDARD BOOK NUMBER |
| International Standard Book Number |
9505201249 |
| 040 ## - CATALOGING SOURCE |
| Transcribing agency |
PJ |
| 100 ## - ASIENTO PRINCIPAL - NOMBRE DE PERSONA |
| Personal name |
Borda, Guillermo A. |
| 9 (RLIN) |
4 |
| 245 10 - MENCIÓN DE TÍTULO |
| Título propiamente dicho |
Manual de derechos reales / |
| Mención de responsabilidad, etc |
Guillermo A. Borda. |
| 250 ## - EDITION STATEMENT |
| Edition statement |
4a. ed. |
| 260 ## - PUBLICATION, DISTRIBUTION, ETC. (IMPRINT) |
| Place of publication, distribution, etc |
Buenos Aires : |
| Name of publisher, distributor, etc |
Perrot, |
| Date of publication, distribution, etc |
1994. |
| 300 ## - DESCRIPCION FISICA |
| Extent |
765 p. |
| Other physical details |
rústica |
| Dimensions |
23 cm. |
| 650 #0 - ASIENTO SECUNDARIO DE MATERIA - TERMINO TEMATICO |
| 9 (RLIN) |
352 |
| Topical term or geographic name as entry element |
DERECHO CIVIL |
| 650 #0 - ASIENTO SECUNDARIO DE MATERIA - TERMINO TEMATICO |
| 9 (RLIN) |
1821 |
| Topical term or geographic name as entry element |
DERECHOS REALES |
| 942 ## - ADDED ENTRY ELEMENTS (KOHA) |
| Source of classification or shelving scheme |
|
| Koha item type |
Libros |
| Classification part |
347.22(035) |
| Item part |
HIG |